Characteristic of the eLearning product "Multi-media presentations for education improvement"
Veľký význam informačných a komunikačných technológií pre vzdelávanie. Využívanie multimédií (CD-ROM, DVD-ROM, internet) pre zvýšenie kvality vzdelávania. Požiadavky na softvér a štruktúra produktu elektronického vzdelávania. Komu je adresovaný produkt elektronického vzdelávania. Význam a podpora pr...
Uložené v:
| Hlavný autor: | |
|---|---|
| Médium: | Kapitola |
| Jazyk: | English |
| Predmet: | |
| Tagy: |
Žiadne tagy, Buďte prvý, kto otaguje tento záznam!
|
MARC
| LEADER | 00000naa$a2200000$$$4500 | ||
|---|---|---|---|
| 001 | 0063197 | ||
| 005 | 20240502071726.1 | ||
| 041 | 0 | |a eng | |
| 044 | |a SK | ||
| 245 | 1 | 0 | |a Characteristic of the eLearning product "Multi-media presentations for education improvement" |c Anna Ondrejková |
| 520 | |a Veľký význam informačných a komunikačných technológií pre vzdelávanie. Využívanie multimédií (CD-ROM, DVD-ROM, internet) pre zvýšenie kvality vzdelávania. Požiadavky na softvér a štruktúra produktu elektronického vzdelávania. Komu je adresovaný produkt elektronického vzdelávania. Význam a podpora produktu elektronického vzdelávania. Forma produktu elektronického vzdelávania. | ||
| 610 | 2 | 0 | |a vzdelávanie elektronické |
| 610 | 2 | 0 | |a multimédiá |
| 610 | 2 | 0 | |a internet |
| 610 | 2 | 0 | |a softvér |
| 610 | 2 | 0 | |a hardvér |
| 100 | 1 | |a Ondrejková, Anna | |